[Event "4. Torneo Puente Foral - Open A"]
[Site "Pamplona ESP"]
[Date "2009.12.06"]
[Round "6.3"]
[White "Mombiela Martinez, Gonzalo"]
[Black "Mundaca Alvarez, Juan Carlos"]
[Result "1-0"]
[WhiteElo "2138"]
[BlackElo "2157"]
[PlyCount "49"]
[EventDate "2009.12.01"]
[EventType "swiss"]
[EventRounds "9"]
[EventCountry "ESP"]
[Source "lmi"]
[SourceDate "2009.12.01"]

1. e4 c5 2. c3 d5 3. exd5 Qxd5 4. d4 e5 5. dxe5 Qxe5+ 6. Be3 Nf6 7. Nf3 Qc7 8.
Bc4 Nc6 9. Qe2 Be7 10. Bxc5 O-O 11. Bxe7 Re8 12. O-O Rxe7 13. Qc2 Qf4 14. Nbd2
Bf5 15. Bd3 Bxd3 16. Qxd3 Rd8 17. Qc4 Qh6 18. Nb3 Re4 19. Nbd4 Ng4 20. h3 Nge5
21. Nxe5 Nxe5 22. Qc7 Qf6 23. Qxb7 Rf4 24. Rae1 g5 25. Rxe5 1-0

[Event "4. Torneo Puente Foral - Open A"]
[Site "Pamplona ESP"]
[Date "2009.12.06"]
[Round "6.4"]
[White "Berube, Antoine"]
[Black "Vinal Gutierrez, Pedro"]
[Result "1-0"]
[WhiteElo "2122"]
[BlackElo "2130"]
[PlyCount "87"]
[EventDate "2009.12.01"]
[EventType "swiss"]
[EventRounds "9"]
[EventCountry "ESP"]
[Source "lmi"]
[SourceDate "2009.12.01"]

1. d4 Nf6 2. c4 e6 3. Nc3 Bb4 4. Nf3 b6 5. Bg5 Bb7 6. Nd2 Bxc3 7. bxc3 h6 8.
Bh4 d6 9. f3 Nbd7 10. e4 e5 11. Bd3 Qe7 12. Qa4 g5 13. Bf2 h5 14. c5 dxc5 15.
dxc5 c6 16. Nb3 b5 17. Qb4 O-O 18. Na5 Rab8 19. a4 a6 20. axb5 axb5 21. Nxb7
Rxb7 22. O-O h4 23. c4 Nh5 24. Rfc1 Nf4 25. Bf1 Rfb8 26. cxb5 Rxb5 27. Bxb5
Rxb5 28. Qc4 h3 29. g3 Ne6 30. Ra7 Qf6 31. Rxd7 Qxf3 32. Qf1 Rb2 33. Rd3 Qxe4
34. Re3 Qf5 35. g4 Qf4 36. Rce1 Nd4 37. Rxh3 Nf3+ 38. Rxf3 Qxf3 39. Qg2 Qf4 40.
Qg3 Qd2 41. Qe3 Qxe3 42. Rxe3 f6 43. Rd3 e4 44. Rd4 1-0

[Event "4. Torneo Puente Foral - Open A"]
[Site "Pamplona ESP"]
[Date "2009.12.06"]
[Round "6.5"]
[White "Fernandez Lozano, Francesc"]
[Black "Zamarbide Inarrea, Daniel"]
[Result "0-1"]
[WhiteElo "2109"]
[BlackElo "2155"]
[PlyCount "88"]
[EventDate "2009.12.01"]
[EventType "swiss"]
[EventRounds "9"]
[EventCountry "ESP"]
[Source "lmi"]
[SourceDate "2009.12.01"]

1. d4 g6 2. e4 Bg7 3. Be3 c5 4. c3 cxd4 5. Bxd4 Nf6 6. Nd2 Nc6 7. Be3 d5 8. f3
dxe4 9. Nxe4 O-O 10. Qxd8 Rxd8 11. Nxf6+ Bxf6 12. Ne2 Bg7 13. Ng3 Be6 14. Kf2
f5 15. Be2 Bf7 16. f4 Rd7 17. Rad1 Rad8 18. Rxd7 Rxd7 19. Bb5 a6 20. Ba4 b5 21.
Bb3 e5 22. Bxf7+ Kxf7 23. Re1 e4 24. a3 Na5 25. Nf1 Nc4 26. Bc1 Rd3 27. Ke2 Ke6
28. Rd1 Rxd1 29. Kxd1 Nb6 30. Kc2 Na4 31. Bd2 Nc5 32. Ne3 Nd3 33. c4 Nxf4 34.
cxb5 axb5 35. b3 Ne2 36. Kd1 Nd4 37. Bc3 Be5 38. Bxd4 Bxd4 39. Nc2 Bb6 40. Ke2
Ke5 41. a4 bxa4 42. bxa4 Kd5 43. h3 Kc4 44. g4 f4 0-1

[Event "4. Torneo Puente Foral - Open A"]
[Site "Pamplona ESP"]
[Date "2009.12.06"]
[Round "6.6"]
[White "Hernandorena De La Cruz, Egoi"]
[Black "Lopez Orois, Jose Manuel"]
[Result "1-0"]
[WhiteElo "2022"]
[BlackElo "2122"]
[PlyCount "85"]
[EventDate "2009.12.01"]
[EventType "swiss"]
[EventRounds "9"]
[EventCountry "ESP"]
[Source "lmi"]
[SourceDate "2009.12.01"]

1. e4 d5 2. exd5 Qxd5 3. Nc3 Qe5+ 4. Be2 c6 5. d4 Qc7 6. Bg5 Bf5 7. Qd2 e6 8.
Bf4 Bd6 9. Bxd6 Qxd6 10. Bf3 Nf6 11. Nge2 O-O 12. Ng3 Bg6 13. h4 h6 14. h5 Bh7
15. Nge4 Nxe4 16. Nxe4 Qe7 17. O-O-O Nd7 18. g4 Nf6 19. Ng3 Nd5 20. Be4 f5 21.
gxf5 Bxf5 22. Nxf5 exf5 23. Bxd5+ cxd5 24. Rde1 Qf7 25. Re5 Rfe8 26. f4 Rxe5
27. dxe5 d4 28. Qxd4 Qxa2 29. Rg1 Qa1+ 30. Kd2 Qa5+ 31. Kc1 Rd8 32. Qc4+ Kf8
33. Kb1 Qd5 34. Qb4+ Kf7 35. Re1 Re8 36. Re3 Re6 37. b3 Qd1+ 38. Kb2 Qd7 39.
Rd3 Qc7 40. Qb5 Rc6 41. Qd5+ Re6 42. Qb5 Kg8 43. Rd7 1-0

[Event "4. Torneo Puente Foral - Open A"]
[Site "Pamplona ESP"]
[Date "2009.12.06"]
[Round "6.7"]
[White "Monje Peinado, Roberto"]
[Black "Rebole Arbea, Jose Ignacio"]
[Result "0-1"]
[WhiteElo "2022"]
[BlackElo "2236"]
[PlyCount "100"]
[EventDate "2009.12.01"]
[EventType "swiss"]
[EventRounds "9"]
[EventCountry "ESP"]
[Source "lmi"]
[SourceDate "2009.12.01"]

1. d4 c5 2. d5 e5 3. e4 d6 4. Nc3 a6 5. a4 Ne7 6. Bd3 Ng6 7. Nf3 Be7 8. O-O O-O
9. h3 b6 10. Qe2 Ra7 11. Be3 Rc7 12. Nd2 Bf6 13. Kh2 Nf4 14. Bxf4 exf4 15. Ra3
Re7 16. Qf3 Nd7 17. Nc4 Ne5 18. Nxe5 Bxe5 19. g3 fxg3+ 20. fxg3 Rc7 21. Nd1 Qg5
22. Ne3 Bxb2 23. Rb3 Bd4 24. Nc4 Qh6 25. Qg2 b5 26. axb5 axb5 27. Rxb5 Ba6 28.
Rb3 Bxc4 29. Bxc4 Ra7 30. Rfb1 Qg5 31. Rb8 g6 32. Rxf8+ Kxf8 33. h4 Qe3 34. Qe2
Ra3 35. Qxe3 Rxe3 36. Bd3 h5 37. Rb3 Be5 38. Bf1 Rxe4 39. Rf3 Rxh4+ 40. Kg2 Rg4
41. Be2 Rd4 42. Rd3 Rc4 43. Bd1 f5 44. Rb3 Ke7 45. Rd3 Kf6 46. Kf2 h4 47. gxh4
Rxh4 48. Kg2 Rd4 49. Rxd4 Bxd4 50. c4 Ke5 0-1

[Event "4. Torneo Puente Foral - Open A"]
[Site "Pamplona ESP"]
[Date "2009.12.06"]
[Round "6.8"]
[White "Sola Plaza, Gregorio"]
[Black "Saenz Narciso, Miguel Angel"]
[Result "1-0"]
[WhiteElo "2036"]
[BlackElo "2138"]
[PlyCount "65"]
[EventDate "2009.12.01"]
[EventType "swiss"]
[EventRounds "9"]
[EventCountry "ESP"]
[Source "lmi"]
[SourceDate "2009.12.01"]

1. d4 g6 2. Nf3 Bg7 3. g3 c5 4. Bg2 cxd4 5. Nxd4 Nc6 6. c3 Nf6 7. O-O O-O 8.
Nd2 d5 9. Nxc6 bxc6 10. e4 Rb8 11. Re1 Be6 12. Qa4 Qb6 13. exd5 cxd5 14. Nb3
Ng4 15. Rf1 Bd7 16. Qxd7 e6 17. Qa4 Ne5 18. Bf4 Rfc8 19. Bxe5 Bxe5 20. Qg4 a5
21. Rab1 a4 22. Nd4 a3 23. bxa3 Qxb1 24. Rxb1 Rxb1+ 25. Bf1 Rxc3 26. Nb3 Rc4
27. Qg5 Re4 28. Nd2 f6 29. Qh6 Ree1 30. Nxb1 Rxb1 31. Qe3 Rb2 32. f4 Bb8 33.
Qxe6+ 1-0

[Event "4. Torneo Puente Foral - Open A"]
[Site "Pamplona ESP"]
[Date "2009.12.07"]
[Round "7.1"]
[White "Angeleri, Rodrigo Norberto"]
[Black "Corral Sierra, Javier"]
[Result "1/2-1/2"]
[WhiteElo "1919"]
[BlackElo "2072"]
[PlyCount "65"]
[EventDate "2009.12.01"]
[EventType "swiss"]
[EventRounds "9"]
[EventCountry "ESP"]
[Source "lmi"]
[SourceDate "2009.12.01"]

1. e4 e6 2. d4 d5 3. Nd2 c5 4. Ngf3 Nc6 5. exd5 exd5 6. Bb5 Bd7 7. O-O Nf6 8.
Re1+ Be7 9. dxc5 O-O 10. Nb3 Bg4 11. Qd3 Nb4 12. Qd2 Bxf3 13. Qxb4 Be4 14. Bd3
Qc7 15. f3 Bxd3 16. cxd3 a5 17. Bf4 Qd7 18. Nxa5 b6 19. Nb3 Ra4 20. Rxe7 Rxb4
21. Rxd7 Nxd7 22. Bd6 Ra8 23. c6 Nc5 24. Nxc5 bxc5 25. Bxc5 Rxb2 26. c7 f6 27.
a4 Rb7 28. Bd6 Rb6 29. Bg3 Rc6 30. Rb1 Re6 31. Rb8+ Re8 32. Rb5 Rxa4 33. Rxd5
1/2-1/2

[Event "4. Torneo Puente Foral - Open A"]
[Site "Pamplona ESP"]
[Date "2009.12.07"]
[Round "7.2"]
[White "Mombiela Martinez, Gonzalo"]
[Black "Olazagoitia Rodriguez, Jose"]
[Result "1/2-1/2"]
[WhiteElo "2138"]
[BlackElo "2189"]
[PlyCount "53"]
[EventDate "2009.12.01"]
[EventType "swiss"]
[EventRounds "9"]
[EventCountry "ESP"]
[Source "lmi"]
[SourceDate "2009.12.01"]

1. e4 d6 2. d4 Nf6 3. Nc3 e5 4. Nf3 Nbd7 5. Bc4 Be7 6. O-O O-O 7. h3 c6 8. a4
exd4 9. Qxd4 Qa5 10. Bf4 Ne8 11. b4 Qb6 12. Qxb6 Nxb6 13. Bb3 Be6 14. Rab1 Bxb3
15. Rxb3 Nc7 16. Rd1 Rfd8 17. Bg3 Ne6 18. a5 Nc4 19. Ne2 Bf6 20. Nf4 Nxf4 21.
Bxf4 g6 22. Be3 d5 23. exd5 cxd5 24. Bd4 Bxd4 25. Rxd4 Rd7 26. Rbd3 Rad8 27.
Kf1 1/2-1/2

[Event "4. Torneo Puente Foral - Open A"]
[Site "Pamplona ESP"]
[Date "2009.12.07"]
[Round "7.3"]
[White "Leranoz Zabalza, Adrian"]
[Black "Berube, Antoine"]
[Result "0-1"]
[WhiteElo "2091"]
[BlackElo "2122"]
[PlyCount "80"]
[EventDate "2009.12.01"]
[EventType "swiss"]
[EventRounds "9"]
[EventCountry "ESP"]
[Source "lmi"]
[SourceDate "2009.12.01"]

1. e4 c5 2. Nf3 d6 3. d4 cxd4 4. Nxd4 Nf6 5. Nc3 a6 6. Bc4 e6 7. Bb3 Nbd7 8.
O-O Nc5 9. Re1 Be7 10. f4 O-O 11. f5 Nxb3 12. axb3 Qc7 13. Qf3 Bd7 14. Qh3 Rfe8
15. g4 d5 16. g5 Nxe4 17. Nxe4 dxe4 18. Rxe4 exf5 19. Rh4 Bc5 20. c3 Re1+ 21.
Kg2 Bc6+ 22. Kf2 Rae8 23. Bf4 R8e2+ 24. Kg3 Re3+ 25. Kf2 R3e2+ 26. Kg3 Re3+ 27.
Kf2 Rxh3 28. Bxc7 Rxh4 29. Kxe1 Be4 30. b4 Bxd4 31. Rd1 h6 32. Rxd4 hxg5 33.
Bg3 Rg4 34. Kf1 Kh7 35. Bf2 Kg6 36. Rd6+ f6 37. Rd7 Rg2 38. h3 Rh2 39. Bc5 Rxh3
40. Bf8 f4 0-1

[Event "4. Torneo Puente Foral - Open A"]
[Site "Pamplona ESP"]
[Date "2009.12.07"]
[Round "7.4"]
[White "Zamarbide Inarrea, Daniel"]
[Black "Cemborain Oricain, Alfonso"]
[Result "1-0"]
[WhiteElo "2155"]
[BlackElo "2012"]
[PlyCount "39"]
[EventDate "2009.12.01"]
[EventType "swiss"]
[EventRounds "9"]
[EventCountry "ESP"]
[Source "lmi"]
[SourceDate "2009.12.01"]

1. e4 d5 2. exd5 Qxd5 3. Nc3 Qa5 4. Bc4 Nf6 5. d3 Bg4 6. f3 Bf5 7. Bd2 c6 8.
Qe2 Qc7 9. O-O-O Nbd7 10. g4 Bg6 11. f4 h6 12. h4 Nb6 13. f5 Nxc4 14. fxg6 Nxd2
15. gxf7+ Kxf7 16. Nh3 e6 17. g5 Nd5 18. g6+ Kxg6 19. Qxe6+ Kh7 20. Ng5+ 1-0

[Event "4. Torneo Puente Foral - Open A"]
[Site "Pamplona ESP"]
[Date "2009.12.07"]
[Round "7.5"]
[White "Vinal Gutierrez, Pedro"]
[Black "Hernandorena De La Cruz, Egoi"]
[Result "0-1"]
[WhiteElo "2130"]
[BlackElo "2022"]
[PlyCount "120"]
[EventDate "2009.12.01"]
[EventType "swiss"]
[EventRounds "9"]
[EventCountry "ESP"]
[Source "lmi"]
[SourceDate "2009.12.01"]

1. d4 Nf6 2. Nf3 e6 3. Bg5 h6 4. Bxf6 Qxf6 5. e4 d6 6. Bd3 g6 7. Nbd2 Bg7 8.
O-O O-O 9. c3 Nc6 10. Qe2 e5 11. d5 Ne7 12. h3 g5 13. Nh2 Ng6 14. Ng4 Qe7 15.
g3 c6 16. c4 Qd7 17. Rfd1 h5 18. dxc6 bxc6 19. Ne3 Qxh3 20. Qf1 Qxf1+ 21. Ndxf1
Rd8 22. Be2 h4 23. Nh2 Be6 24. Bg4 hxg3 25. fxg3 Ne7 26. Rd2 Rd7 27. Rad1 Rad8
28. Bxe6 fxe6 29. Nf3 Bf6 30. Ng4 Kg7 31. Ngxe5 Bxe5 32. Nxe5 Rb7 33. Rxd6 Rxd6
34. Rxd6 Kf6 35. Nd3 Rb6 36. g4 Ng6 37. b3 Nf4 38. e5+ Kg6 39. Nxf4+ gxf4 40.
Rxe6+ Kg5 41. c5 Rb4 42. Rxc6 Re4 43. e6 Kxg4 44. Rc7 Rxe6 45. Rxa7 f3 46. b4
Re1+ 47. Kf2 Re2+ 48. Kf1 Rb2 49. Rg7+ Kf4 50. a3 Rb1+ 51. Kf2 Rb2+ 52. Kg1
Rb1+ 53. Kh2 f2 54. Rf7+ Ke3 55. Re7+ Kd4 56. Rf7 f1=Q 57. Rxf1 Rxf1 58. c6 Rc1
59. b5 Kc5 60. a4 Kb4 0-1

[Event "4. Torneo Puente Foral - Open A"]
[Site "Pamplona ESP"]
[Date "2009.12.07"]
[Round "7.6"]
[White "Rebole Arbea, Jose Ignacio"]
[Black "Sola Plaza, Gregorio"]
[Result "0-1"]
[WhiteElo "2236"]
[BlackElo "2036"]
[PlyCount "82"]
[EventDate "2009.12.01"]
[EventType "swiss"]
[EventRounds "9"]
[EventCountry "ESP"]
[Source "lmi"]
[SourceDate "2009.12.01"]

1. g3 d5 2. Bg2 Nf6 3. Nf3 Bg4 4. c4 c6 5. Ne5 Bh5 6. d4 e6 7. b3 Bb4+ 8. Bd2
Bxd2+ 9. Nxd2 O-O 10. O-O Nfd7 11. Nd3 Na6 12. Nf4 Bg6 13. Nxg6 hxg6 14. e4 Qb6
15. exd5 exd5 16. cxd5 c5 17. Nc4 Qf6 18. Qg4 Rad8 19. Rad1 Rfe8 20. h4 cxd4
21. Rxd4 Ndc5 22. Rf4 Qc3 23. h5 gxh5 24. Qxh5 g6 25. Qg5 Nb4 26. Ne3 Nbd3 27.
Rc4 Qb2 28. Ng4 Rd6 29. b4 Nd7 30. Rc7 N3e5 31. Nxe5 Nxe5 32. Rxb7 Nd3 33. Qg4
Rf6 34. Qd7 Rf8 35. f4 Kg7 36. Qg4 Qd4+ 37. Kh2 Rh8+ 38. Bh3 Nf2 39. Rxf2 Qxf2+
40. Kh1 Rf5 41. Rd7 Re8 0-1

[Event "4. Torneo Puente Foral - Open A"]
[Site "Pamplona ESP"]
[Date "2009.12.07"]
[Round "7.7"]
[White "Mundaca Alvarez, Juan Carlos"]
[Black "Fernandez Lozano, Francesc"]
[Result "1/2-1/2"]
[WhiteElo "2157"]
[BlackElo "2109"]
[PlyCount "33"]
[EventDate "2009.12.01"]
[EventType "swiss"]
[EventRounds "9"]
[EventCountry "ESP"]
[Source "lmi"]
[SourceDate "2009.12.01"]

1. Nf3 Nf6 2. g3 d5 3. Bg2 Bg4 4. d3 e6 5. O-O Be7 6. Nbd2 O-O 7. c4 c6 8. b3
Nbd7 9. Bb2 b5 10. Qc2 Rc8 11. h3 Bh5 12. Rfc1 h6 13. cxb5 cxb5 14. Qxc8 Qxc8
15. Rxc8 Rxc8 16. Rc1 Rxc1+ 17. Bxc1 1/2-1/2

[Event "4. Torneo Puente Foral - Open A"]
[Site "Pamplona ESP"]
[Date "2009.12.07"]
[Round "7.8"]
[White "Saenz Narciso, Miguel Angel"]
[Black "Lopez Orois, Jose Manuel"]
[Result "1-0"]
[WhiteElo "2138"]
[BlackElo "2122"]
[PlyCount "65"]
[EventDate "2009.12.01"]
[EventType "swiss"]
[EventRounds "9"]
[EventCountry "ESP"]
[Source "lmi"]
[SourceDate "2009.12.01"]

1. e4 c5 2. Nf3 d6 3. d4 cxd4 4. Nxd4 Nf6 5. Nc3 a6 6. f3 e5 7. Nb3 Be6 8. Be3
Be7 9. Qd2 O-O 10. O-O-O Nbd7 11. g4 b5 12. g5 Nh5 13. Nd5 Bxd5 14. exd5 Nb6
15. Na5 Qc7 16. Nc6 Nc8 17. Nxe7+ Nxe7 18. Bh3 Ng6 19. Bg4 Ngf4 20. Rhg1 a5 21.
Kb1 b4 22. Bxh5 Nxh5 23. Rg4 Rac8 24. Qf2 Qb7 25. Rh4 g6 26. f4 exf4 27. Bxf4
Nxf4 28. Qxf4 Rc5 29. Qxd6 Rfc8 30. Re4 Qb5 31. Re7 Rxc2 32. Qf4 f5 33. Qd4 1-0